1196 1573 1381 1094 1659 1911 1677 1444 1996 1035 1308 1568 1436 1089 1999 1938 1247 1431 1872 1877 1767 1337 1372 1050 1864 1156 1169 1102 1038 1741 1636 1232 1188 1512 1188 1590 1175 1398 1708 1916 1534 1743 1796 1308 1036 1872 1728 1555 1767 1977 1455 1910 1494 1179 1757 1774 1166 1993 1361 1797 1350 1069 1771 1995 1691 1493 1539 1777 1711 1235 1050 1757 1525 1179 1050 1283 1643 1479 1977 1952 1445 1814 1847 1017 1546 1024 1261 1814 1531 1672 1969 1982 1307 1024 1934 1951 1420 1363 1354 BCNSPRNW ULIB Ver.6.0+V

เปลี่ยนเป็นภาษาไทย

Change to English
 แสดงรายละเอียดบรรณานุกรม
  กลับหน้าหลัก

Brief Record : Get Marc (ISO 2709) : E-mail record : QR code < ปิดหน้าต่าง
LEADER : 00000nam 2200000uu 4500
001    13399112409
003     ULIB
008    110627s2552||||th 000 0 tha d
020    9786167078038
090    นว.^bภ418W 2552
100 0  ภาคินัย
245 00 Ward ห้องคลอดมรณะ/^cภาคินัย
250    พิมพ์ครั้งที่ 1
260    กรุงเทพฯ :^bโซฟา พับลิชชิ่ง,^c2552
300    219 หน้า
710 1  โซฟา พับลิชชิ่ง
945    ^p179^l0^i026769
995    ทศพร
999 ^a ใช้งานได้ทุกระบบ
รายการนี้ยังไม่มีแท็ก
คุณยังไม่ได้ล็อกอิน คุณสามารถมีกิจกรรมร่วมกับเว็บไซต์ได้ แต่ต้องล็อกอินก่อน ::
  ล็อกอิน

รายการสื่อสารสนเทศ

ลำดับที่ ประเภท เลขเรียก/บาร์โค้ด สถานที่ สถานะ
- ไม่พบข้อมูล -

รายการใกล้เคียง
    ผู้แต่ง [ภาคินัย]

BibComment


ยังไม่เคยถูกคอมเมนท์

คอมเมนท์ทรัพยากรรายการนี้
  คอมเมนท์: Ward ห้องคลอดมรณะ..


 Copyright 2026. Bcnsprnw @Library